000 01356cam a22004213a 4500
001 8353
003 FISKH
005 20250910085026.0
008 050531s2004 nyua b 000 1 eng d
010 _a 2005274632
020 _a0439680727
020 _a9780545065214
020 _a9780439680721
035 _a13986293
040 _aDUQ
_cDUQ
_dOCLCQ
_dDLC
_beng
050 _aPZ7.T3 B
082 _a813
100 1 _aThaler, Mike,
_d1936-
245 1 4 _aThe bully from the Black Lagoon /
_cby Mike Thaler ; pictures by Jared Lee.
260 _aNew York :
_bScholastic,
_c2004.
300 _a10 unnumbered pages :
_bcolor illustrations ;
_c21 cm
336 _atext
_btxt
_2rdacontent
337 _aunmediated
_bn
_2rdamedia
338 _avolume
_bnc
_2rdacarrier
500 _a"RL2 005-008"--P. [4] of cover.
505 _aN
520 _aA new student's reputation as a bully proves to be unfounded.
521 8 _a580
_bLexile estimate
521 8 _aN
_bRaz-Plus
650 0 _aFear
_vJuvenile fiction.
650 0 _aSchools
_vJuvenile fiction.
650 0 _aBullying in schools
_vJuvenile fiction.
655 7 _aFiction.
_2lcgft
_0https://id.loc.gov/authorities/genreForms/gf2014026339
700 1 _aLee, Jared D.,
_eillustrator
906 _a7
_bcbc
_ccopycat
_d3
_encip
_f20
_gy-gencatlg
942 _2ddc
_cBK
_n0
999 _c8353
_d8353